000 00820cab a2200265 4500
001 WB3510-54
008 090401t1999 xxu||||| |||| 00| 0 eng d
035 _a(Sirsi) u92038
041 _aeng
245 _aBreaking down the barriers
260 _c1999
350 _a0
490 _aFinancial Times
_v12 March 1999, 15(1)
520 _aDiscusses international partnerships and mergers amongst property consultants, which are consolidating to pursue international business.
650 _aCONSOLIDATION
650 _aGLOBALISATION
650 _aINTERNATIONAL PROPERTY MARKET
650 _aMERGERS
650 _aPROPERTY CONSULTANCY
650 _aPROPERTY CONSULTANTS
650 _aSURVEYING FIRMS
690 _aMANAGEMENT-BUSINESS MANAGEMENT-PROFESSIONAL PRACTICE
942 _n0
948 _c12/03/1999
999 _c58372
_d58372